00511nam a22001697a 450000500170000001000140001702000250003103500130005603700130006908200100008210000160009224500600010826000490016827000470021730000270026450000500029120100805123844.0 aENG-98349 a978818984031c150.00 aEN-81882 bDBAD/PUB a515.3 aGanesan, V. aApplications of differential equations /cby V. Ganesan aErodebPallavi Pathippagam South Indiac2008 a197, Kanna Complex, Mettur RoadbErodee11 aiii, 140p.c19cm (pbk) aIncludes bibliographical references and index